| 000 | 00402 a2200169 4500 | ||
|---|---|---|---|
| 001 | 74068 | ||
| 020 | _a851600142-3 | ||
| 040 | _cAnchieta - Colégio São Paulo | ||
| 100 | _aTragtenberg, Maurício | ||
| 240 | 1 | 0 |
_aReflexões sobre o socialismo _lpor |
| 245 | 1 | 0 | _aReflexões sobre o socialismo |
| 300 | _a95 | ||
| 362 | 0 | _a1991 | |
| 440 | 1 | _aModerna | |
| 650 | 4 | _aCiência política | |
| 942 | _cBK | ||
| 999 |
_c74068 _d74068 |
||